Democratización: pasado, presente y futuro /
Se revisa exhaustivamente a los autores y escuelas del pensamiento más importante en el área interdisciplinaria de estudios sobre la democratización. Se inicia con una discusión sobre algunos textos clásicos que dominaron dicho debate en la década de los años sesenta; se continúa con el análisis de...
Պահպանված է:
| Հիմնական հեղինակ: | |
|---|---|
| Ձևաչափ: | Տեքստ |
| Խորագրեր: | |
| Ցուցիչներ: |
Ավելացրեք ցուցիչ
Չկան պիտակներ, Եղեք առաջինը, ով նշում է այս գրառումը!
|
MARC
| LEADER | 00000 a a2200000 04500 | ||
|---|---|---|---|
| 001 | 42684 | ||
| 003 | |||
| 040 | |||
| 100 | |a Acherman, John M. | ||
| 245 | |a Democratización: |b pasado, presente y futuro / |c John M. Acherman | ||
| 520 | 4 | |a Se revisa exhaustivamente a los autores y escuelas del pensamiento más importante en el área interdisciplinaria de estudios sobre la democratización. Se inicia con una discusión sobre algunos textos clásicos que dominaron dicho debate en la década de los años sesenta; se continúa con el análisis de la explosión de estudios sobre la democratización ocurrida en las últimas dos décadas. Se concluye con una revisión de la investigación sobre los retos que surgen después de haber alcanzado una transición democrática. Se identifican cuatro problemas principales que se presentan en la literatura reciente sobre la consolidación democrática y la reforma del Estado en América Latina, proponiendo soluciones para evitar la reincidencia de ciertos errores. | |
| 590 | |a KSR/SETIEMBRE2012 | ||
| 650 | |a 1.DEMOCRATIZACION | ||
| 650 | |a 2.DEMOCRACIA | ||
| 650 | |a 3.DESARROLLO POLITICO | ||
| 650 | |a 4.ANALISIS SOCIOLOGICO | ||
| 650 | |a 5.AMERICA LATINA | ||
| 773 | |g volumen13, número28 ( , 2006), páginas 117-157 | ||
| 999 | |c 32781 |d 32781 | ||
